Documentos y resoluciones de la segunda asamblea general

Enregistré dans:
Détails bibliographiques
Collectivité auteur: Comisión para la Defensa de los Derechos Humanos en Centroamérica
Format: Texte
Publié: San José :
Sujets:
Tags: Ajouter un tag
Pas de tags, Soyez le premier à ajouter un tag!

MARC

LEADER 00000 a a2200000 04500
001 13932
003
040
090 |a 017100  
110 |a Comisión para la Defensa de los Derechos Humanos en Centroamérica  
245 |a Documentos y resoluciones de la segunda asamblea general  
260 |a San José :  
300 |a 28 p.  
650 |a DERECHOS HUMANOS  
999 |c 14001  |d 14001